Statistiques concernant Paroles - Monde Nouveau - Feu! Chatterton

Cliquez ici pour prendre le quiz!

Statistiques générales

  • Ce quiz a été pris 24 fois
  • Le résultat moyen est 207 sur 272

Statistiques - réponses

Réponses% Correct
à
95%
de
95%
des
95%
la
95%
La
95%
le
95%
Le
95%
les
95%
monde
95%
nous
95%
Nous
95%
nouveau
95%
Un
95%
un
95%
Dans
89%
dans
89%
On
89%
on
89%
se
89%
Se
89%
tous
89%
en
84%
mais
84%
Mais
84%
sur
84%
ça
79%
du
79%
nos
79%
pas
79%
que
79%
Que
79%
rien
79%
sa
79%
bien
74%
faire
74%
mains
74%
n'y
74%
pays
74%
rêvait
74%
soufflait
74%
Tout
74%
très
74%
une
74%
vent
74%
central
68%
chaudement
68%
demain
68%
et
68%
grand
68%
mains
68%
moral
68%
n'avait
68%
serveur
68%
bras
63%
climat
63%
comprendre
63%
d'esprit
63%
presque
63%
qui
63%
subsaharien
63%
traits
63%
attraper
58%
au
58%
bain
58%
bleue
58%
Bluetooth
58%
c'était
58%
foutait
58%
frousse
58%
millions
58%
moitié
58%
mollement
58%
mots
58%
mouillait
58%
pixels
58%
plaignait
58%
pouvait
58%
prendre
58%
sans
58%
savions
58%
bégayait
53%
ciel
53%
ébahi
53%
fondait
53%
foule
53%
glace
53%
l'on
53%
même
53%
répondait
53%
s'attraper
53%
sous
53%
Spritzs
53%
temps
53%
ville
53%
comme
47%
dévot
47%
éléments
47%
faits
47%
loi
47%
nouvelle
47%
pleuvaient
47%
publicité
47%
yeux
47%
zéro
47%
cernés
42%
clarté
42%
était
42%
étions
42%
l'évidence
42%
lumière
42%
masquait
42%
nez
42%
poils
42%
pris
42%
pendait
37%
vive
37%

Distribution des résultats

Percentile par nombre de réponses

% des personnes avec chaque résultat

Votre développement - résultats

Vous n’avez pas pris ce quiz